000 00310nam a22001337a 4500
008 170622b xxu||||| |||| 00| 0 eng d
020 _a9780393931143
041 _aeng
080 _23RD
_a32
100 _a21
101 _aSHP
245 _aESSENTIAL READINGS IN WORLD POLITICS
_cMINGST,K.A
942 _2udc
_cBK
999 _c18669
_d18669